La reforma constitucional: historia de la ley 17.284, sus principales alcances y posición de los partidos políticos

Salvato in:
Dettagli Bibliografici
Autore principale: Piedrabuena Richard, Guillermo (Autore)
Natura: Libro
Lingua:spagnolo
Pubblicazione: Santiago Encina 1970
Soggetti:
Tags: Aggiungi Tag
Nessun Tag, puoi essere il primo ad aggiungerne!!

MARC

LEADER 00000nam a2200000 a 4500
001 UCT9610
003 CL-VaPUC
008 970411e19700500CL |||||||||||||||||spa|d
082 0 4 |a 342.03  |b PIE  |2 21 
100 0 |a Piedrabuena Richard, Guillermo  |e author  |9 382466 
245 1 3 |a La reforma constitucional: historia de la ley 17.284, sus principales alcances y posición de los partidos políticos 
300 |a 271 p 
942 |c BK 
945 |d 19970411 00:00:00  |a paguirre 
260 |a Santiago  |b Encina  |c 1970 
650 0 |a Derecho constitucional   |9 222588 
650 0 |a Constituciones  |9 255417 
650 7 |a LEY  |2 CL-VaPUC  |9 382467 
650 0 |a Derecho público   |9 255910 
650 7 |a REFORMA JURIDICA  |2 CL-VaPUC  |9 317706 
650 0 |a Reformas constitucionales   |9 255169 
651 7 |a CHILE  |2 CL-VaPUC  |9 382468 
583 |a last modification  |c 19970411 00:00:00  |k Rodrigo Vera 
999 |c 257992  |d 257990 
952 |0 0  |1 0  |4 0  |6 342_030000000000000_PIE_1970  |7 0  |8 A  |9 281728  |a BIBDER  |b BIBDER  |d 2019-11-19  |i 1826689  |o 342.03 PIE 1970  |p 1826689  |r 2023-01-25  |w 2019-11-19  |y BK  |k DER 
952 |0 0  |1 0  |4 0  |6 342_030000000000000_PIE_1970  |7 0  |8 A  |9 281729  |a BIBDER  |b BIBDER  |d 2019-11-19  |i 1954733  |o 342.03 PIE 1970  |p 1954733  |r 2023-01-25  |w 2019-11-19  |y BK  |k DER